Reglas, valores y sensibilidad : figuras de una noche polar de helada oscuridad y dureza /

Guardado en:
Autor Principal: Martyniuk, Claudio.
Formato: Libro
Idioma:Undetermined
Publicado: Ciudad Autónoma de Buenos Aires : La Ley; Departamento de publicaciones UBA, 2017.
Edición:1a. ed.
Series:Colección Facultad de Derecho - Filosofía y Teoría del Derecho
Materias:
Etiquetas: Agregar Etiqueta
Sin Etiquetas, Sea el primero en etiquetar este registro!
LEADER 00749nam a22002055a 4500
001 DER.der013812
008 190319s2017####ag############000#0#und#d
005 20231227143603.0
245 1 0 |a Reglas, valores y sensibilidad :  |b figuras de una noche polar de helada oscuridad y dureza /  |c Claudio Martyniuk. 
250 |a 1a. ed. 
260 |a Ciudad Autónoma de Buenos Aires :  |b La Ley; Departamento de publicaciones UBA,  |c 2017. 
300 |a 123 p. 
020 |a 9789870333685 
100 1 |a Martyniuk, Claudio. 
830 0 |a Colección Facultad de Derecho - Filosofía y Teoría del Derecho 
650 7 |a VALORACION DEL DERECHO 
650 7 |a EPISTEMOLOGIA Y ETICA 
650 7 |a RONALD DWORKIN 
650 7 |a NIHILISMO 
859 |a DERECHO  |b BIB. DERECHO  |h 346  |i MAR  |p 004289